00897cam a22002531a 450000100060000000300080000600500170001400800390003103500190007003500180008904000270010704100080013408200220014210000570016424501020022126000430032330000200036660000280038660000310041470000300044594200120047599900170048795201390050431395BD-RjUL20211209051709.0140415s1964 enk 000 0 eng a(BD-RjUL)31482 a(OCoLC)257016 aDLCcOAUdBD-RjULbeng aeng00a821.912bRIW 19641 aRichards, I. A.q(Ivor Armstrong),d1893-1979.9117210aWhy so, Socrates? :ba dramatic version of Plato's Dialogues: Euthyphro, Apology, Crito, Phaedo / aCambridge :bUniversity Press,cc1964. a57 p. ;c22 cm.00aSocratesxDrama.99554600aPlatoxAdaptations.9955470 aPlato.tDialogues.995541 2ddccBK c31395d31395 00102ddc40718FICaRUCLbRUCLcReadingd1969-11-11eZeitlingerg0.36l0o821.912 RIW 1964r2014-04-15 00:00:00tC-1w2014-04-15yBK